00962nam a22002534a 450000500170000000800410001701000140005802000110007203500130008303700150009604000180011108200110012910000180014024500990015826000500025727000720030730000230037950000410040260000480044365000320049194200250052399900170054895201430056520080903163048.0080128s2008 ii abf b 001 0 eng  aENG-92578 c140.00 aEN-76111 bDBAD / PUB adplbEnglish  a300.92 aManoharan,P.  aSocial and political philosophy of Sri S. Gurumurthy:cby P. Mahoharan bview of materialism / aUlunthurpettaibTamilventhan Pathipagamc2008 a81C. Munusamy Nagar, East Kandasamypuram, bUlunthurpettai e606107 a130p. c20cm (pbk) aIncludes bibliographical references  aGurumurthy, S.xSocial and political views. aSocial sciencexPhilosophy. 2ddccENmMANh300.92 c21142d21142 00102ddc40718NFICaDBADbDBADd2009-01-16eDBAD / PUBg140.00l0o300.92 MANpEN-76111r2009-01-16 00:00:00t1v140.00w2009-01-16yEN